• 首页
  • 本馆介绍
  • 公告通知
  • 最新文献
  • 馆藏检索
  • 电子资源
  • 读者导购
  • 参考咨询
  • 我的图书馆
  • 登录
  • 详细信息显示
  • 放入我的书架
  • 预约/预借图书
  • 作者相关作品
  • 分类相关作品
  • 丛书相关作品
  • 出版社相关作品

书目信息

  • 表格格式
  • 工作单格式
  • 卡片格式
题名:
过程装备基础
    
 
作者: 朱孝钦, , 刘俊明 主编 ;张昱 , 刘曦 参编
分册:  
出版信息: 北京   化学工业出版社  2011
页数: 284页
开本: 26cm
丛书名:
单 册:
中图分类: TQ02-43 , TQ02-43
科图分类:
主题词: 化工过程--hua gong guo cheng--化工设备--高等学校--教材
电子资源:
ISBN: 978-7-122-11556-0
000 01272cam0 2200337 450
001 012001000774
005 20191108084259.96
010    @a978-7-122-11556-0@dCNY35.00
099    @aCAL 012011305784
100    @a20111008d2011 em y0chiy50 ea
101 0  @achi
102    @aCN@b110000
105    @aak a 000yy
106    @ar
200 1  @a过程装备基础@Aguo cheng zhuang bei ji chu@f朱孝钦, 刘俊明主编
205    @a第2版
210    @a北京@c化学工业出版社@d2011
215    @a284页@c图@d26cm
300    @a高等学校教材
314    @a本书参编: 张昱, 刘曦, 戚冬红, 蔡洪涛, 张宇等
320    @a有书目 (第283-284页)
330    @a本书分为五篇,包括:过程装备力学基础、工程材料、机械设计基础、压力容器及压力管道、过程设备概论。
606 0  @a化工过程@Ahua gong guo cheng@x化工设备@x高等学校@j教材
690    @aTQ02-43@v4
690    @aTQ02-43@v5
701  0 @a朱孝钦,@AZhu Xiaoqin@f1963.6-@4主编@3CAL n2011101043#@7jt0yjt0y@7ec0yec0y
701  0 @a刘俊明@ALiu Junming@4主编@3CAL n2011101044#@7jt0yjt0y@7ec0yec0y
702  0 @a张昱@AZhang Yu@c(化工)@4参编@3CAL n2011101045#@7jt0yjt0y@7ec0yec0y
702  0 @a刘曦@ALiu Xi@c(化工)@4参编@3CAL n2011101046#@7jt0yjt0y@7ec0yec0y
801  0 @aCN@b北京卓展文化@c20191020
905    @b1196815-8@dTQ02-43@e493=2@f4
    
    过程装备基础/朱孝钦, 刘俊明主编.-第2版.-北京:化学工业出版社,2011
    284页:图;26cm
    高等学校教材
    
    ISBN 978-7-122-11556-0:CNY35.00
    本书分为五篇,包括:过程装备力学基础、工程材料、机械设计基础、压力容器及压力管道、过程设备概论。
●
相关链接 在E读中查询图书 在五车中查询图书 在当当中查询图书 在豆瓣中查询图书


正题名:过程装备基础     索取号:TQ02-43/493=2         预约/预借

序号 登录号 条形码 馆藏地/架位号 状态 备注
1 1196815   211968156   第二样本阅览室/ [索取号:TQ02-43/493=2] 在馆    
2 1196816   211968165   第三借阅区/ [索取号:TQ02-43/493=2] 在馆    
3 1196817   211968174   第三借阅区/ [索取号:TQ02-43/493=2] 在馆    
4 1196818   211968183   第三借阅区/ [索取号:TQ02-43/493=2] 在馆    
唐山师范学院图书馆 欢迎您!
大连网信软件有限公司© 版权所有